000 01037nam a22002537a 4500
001 9401
003 FISKH
005 20260105102530.0
008 260105b cb ||||| |||| 00| 0 eng d
040 _aFISKH
_bkhr
_cFISKH
_dFISKH
082 _a398.245
100 _aAnonymous
245 _aសត្វលាដ៏សែនខ្ជិល​ /
_cBy Anonymous
260 _aPhnom Penh :
300 _a16 pages :
_bcolor illustrations ;
_c21 cm .
490 _aនិទានអប់រំគំនិត
505 _aR
520 _aតោលោភលន់មួយក្បាល​, ជីវិតប្រៀបដូចជាសំឡេងដែលឡងមកវិញអញ្ចឹង , សត្វលាដ៏សែនខ្ជិល ,​ កូនក្តាមនិងមេរបស់វា
520 _aThe greedy lion , Life is an Encho ,The lazy donkey , Baby crab and his mother
521 8 _a680
_bLexile estimate
521 8 _aR
_bRaz-Plus
942 _2ddc
_cKHB
_n0
999 _c9401
_d9401